Popularni raperzy że Stanów - Statystyki

Ogólne statystyki
  • Ten quiz został rozwiązany 375 razy
  • Średni wynik to 4 z 22
Statystyki odpowiedzi
Numer Odpowiedź % Poprawnych
22 Drake
68%
19 Lil Pump
62%
20 Travis Scott
59%
16 21 Savage
22%
18 Migos
22%
15 DaBaby
16%
21 Lil Nas X
16%
1 Playboi Carti
16%
14 Lil Yachty
15%
11 NLE Choppa
15%
4 Lil Skies
14%
17 Blueface
13%
12 Trippie Redd
12%
10 Offset
10%
3 YNW Melly
9%
8 Gucci Mane
8%
13 Smokepurpp
6%
7 Sheck Wes
5%
5 Ski Mask the Slump God
5%
2 Rich the Kid
4%
6 Famous Dex
2%
9 Tee Grizzley
1%
Nie znaleziono quizów pasujących do podanych kryteriów
Rozkład punktacji
Procent ludzi z każdym wynikiem
Percentyl według liczby udzielonych odpowiedzi
Twoja historia wyników
Nie rozwiązałeś tego quizu